|
|
|
|
| LEADER |
00846nam a2200217 a 4500 |
| 001 |
000459682 |
| 003 |
CZ BrMZK |
| 005 |
20100923135222.0 |
| 007 |
ta |
| 008 |
000105s1983 gw f ger d |
| 040 |
|
|
|a BOA001
|b cze
|
| 080 |
|
|
|a 614(691)
|2 MRF
|
| 100 |
1 |
|
|a Andriamandroso, Denis A. H.
|4 dis
|
| 245 |
1 |
0 |
|a Förderung des Gesundheitswesens durch Verbesserung der Verkehrsmöglichkeiten dargestellt am Beispiel der Region Itasy im zentralen Hochland Madagaskar /
|c Denis A. H. Andriamandroso
|
| 260 |
|
|
|a Berlin :
|b D.A.H. Andriamandroso,
|c 1983
|
| 300 |
|
|
|a 323 s., tb.
|
| 502 |
|
|
|a Disertace--Technická univerzita v Berlíně, 1983
|
| 710 |
2 |
|
|a Technische Universität Berlin
|7 kn20060407005
|
| 910 |
|
|
|a BOA001
|b 2-0876.614
|
| 990 |
|
|
|a BK
|
| 996 |
7 |
|
|b 2619318933
|c 2-0876.614
|l MZK
|r Sklad / do 1 hodiny
|n 0
|w 000459682
|u 000010
|a 1
|e BOA001
|j MZK50
|s A
|